000 00669nam a22001815i 4500
001 158109
003 ES-MaACL
005 20240511063039.0
008 990301s1887 sp |||| | spa d
040 _aCCPB | B
_bspa
_cCCPB | B
100 1 _aLorenzo d'Ayot, Manuel,
_d-1911
_9125762
245 1 0 _aWhora Dallskings
_b: poema en prosa /
_coriginal de Manuel Lorenzo d'Ayot.
260 _aMadrid :
_b[s.n.],
_c1887 (
_fImprenta de Manuel G. Hernández)
300 _a18, [1] p. ;
_c23 cm.
510 4 _aPalau,
_c122448
852 _aES-MaACL
_jT-460-F-1
_z-- Enc. hol.
_q-- Falto de la cub. original
_z-- Enc. en un vol. facticio
999 _c158109
_d158109